000
00210 a2200097 4500
001
42219
100
_a
Dawson L H
245
_a
The Nuttal Encyclopedia
260
_a
_b
F Warne & Co.
_c
090
_c
26195
_d
26195
942
_a
NUST-CAE
_c
M
_c
17997
999
_c
277292
_d
277292